Merchant Banking and Financial Services (Record no. 93796)
[ view plain ]
| 000 -LEADER | |
|---|---|
| fixed length control field | 00552nam a2200181Ia 4500 |
| 005 - DATE AND TIME OF LATEST TRANSACTION | |
| control field | 20230321132540.0 |
| 008 - FIXED-LENGTH DATA ELEMENTS--GENERAL INFORMATION | |
| fixed length control field | 230125s9999 xx 000 0 und d |
| 020 ## - INTERNATIONAL STANDARD BOOK NUMBER | |
| International Standard Book Number | 978-93-5164-047-9 |
| 041 ## - LANGUAGE CODE | |
| Language code of text/sound track or separate title | eng |
| 082 ## - DEWEY DECIMAL CLASSIFICATION NUMBER | |
| Classification number | 658.15 |
| Item number | GOV |
| 100 ## - MAIN ENTRY--PERSONAL NAME | |
| Author | Govindaraj M |
| 245 ## - TITLE STATEMENT | |
| Title | Merchant Banking and Financial Services |
| 260 ## - PUBLICATION, DISTRIBUTION, ETC. | |
| Date of publication, distribution, etc. | 2014 |
| Name of publisher, distributor, etc. | Nirali Prakashan |
| Place of publication, distribution, etc. | Pune |
| 500 ## - GENERAL NOTE | |
| Keywords | Financial services;Merchant banking |
| 650 ## - SUBJECT ADDED ENTRY--TOPICAL TERM | |
| Topical term or geographic name entry element | Financial services;Merchant banking |
| 700 ## - ADDED ENTRY--PERSONAL NAME | |
| Personal name | Govindaraj M; Kulkarni S B & HNIMR Staff, Donor |
| 942 ## - ADDED ENTRY ELEMENTS (KOHA) | |
| Koha item type | Books |
| Withdrawn status | Lost status | Damaged status | Not for loan | Home library | Current library | Date acquired | Vendor | Net Price | Full call number | Barcode | Date last seen | Actual Price | Bill Date | Koha item type | Original Barcode |
|---|---|---|---|---|---|---|---|---|---|---|---|---|---|---|---|
| Smt. Hiraben Nanavati Institute of Management & Research for Women | Smt. Hiraben Nanavati Institute of Management & Research for Women | 02/12/2015 | HNIMR Staff | 160.00 | 658.15 GOV DB2275 | HIMR-DB-2275 | 25/01/2023 | 160.00 | 25/01/2023 | Donated Book | DB2275 |